000 00340nam a2200157Ia 4500
001 6823
003 IN-NITTTR
005 20251114233022.0
008 251113s9999||||xx |||||||||||||| ||eng||
040 _beng
040 _cIN-NITTTR
041 _aeng
082 _a629.5200 J891A
245 0 _aAutomobile engine overhaul /
942 _2ddc
_cBK
999 _c9461
_d9461